[Event "Phillips & Drew Knights"]
[Site "London"]
[Date "1980.04.17"]
[Round "7"]
[White "King, Daniel J"]
[Black "Friedgood, David"]
[Result "1-0"]
[WhiteElo "2330"]
[BlackElo "2335"]
[PlyCount "45"]
[EventDate "1980.04.11"]
[EventType "tourn"]
[EventRounds "15"]
[EventCountry "ENG"]
[EventCategory "5"]
[SourceTitle "Britbase"]

1. e4 c5 2. Nf3 e6 3. c3 Nf6 4. e5 Nd5 5. d4 cxd4 6. cxd4 d6 7. Nc3 Nxc3 8.
bxc3 Nc6 9. Bd3 dxe5 10. dxe5 Be7 11. Qe2 Qc7 12. O-O Bd7 13. Re1 O-O-O 14. Rb1
Kb8 15. Be4 Bc8 16. Be3 Ka8 17. Rb5 f5 18. exf6 gxf6 19. Reb1 e5 20. Qc2 Bd6
21. Qa4 Rhg8 22. Bxc6 bxc6 23. Rb7 1-0

[Event "Phillips & Drew Knights"]
[Site "London"]
[Date "1980.04.17"]
[Round "7"]
[White "Britton, Richard"]
[Black "Crouch, Colin S"]
[Result "1/2-1/2"]
[WhiteElo "2330"]
[BlackElo "2330"]
[PlyCount "87"]
[EventDate "1980.04.11"]
[EventType "tourn"]
[EventRounds "15"]
[EventCountry "ENG"]
[EventCategory "5"]
[SourceTitle "Britbase"]

1. e4 e5 2. Nf3 Nc6 3. Bb5 a6 4. Ba4 d6 5. O-O Bg4 6. h3 h5 7. Bxc6+ bxc6 8. d4
Bxf3 9. Qxf3 exd4 10. e5 Qd7 11. Re1 O-O-O 12. Na3 dxe5 13. Rxe5 d3 14. cxd3
Qxd3 15. Be3 Nf6 16. Qxc6 Bxa3 17. bxa3 Qd6 18. Qc3 Nd5 19. Qb2 f6 20. Re4 Nxe3
21. Rxe3 Qd2 22. Qb3 Rhe8 23. Re6 Qa5 24. Rc1 Qb5 25. Qc2 Rd1+ 26. Rxd1 Rxe6
27. Qh7 Qe8 28. Qb1 g6 29. Rc1 f5 30. Qb4 Re4 31. Qa5 Qe5 32. Qxa6+ Kd8 33.
Qxg6 Re1+ 34. Rxe1 Qxe1+ 35. Kh2 Qxf2 36. Qg3 Qd2 37. Qh4+ Kc8 38. Qxh5 Qf4+
39. Kg1 Qd4+ 40. Kh1 Qa1+ 41. Kh2 Qe5+ 42. g3 c5 43. Qf3 c4 44. Qc6+ 1/2-1/2

[Event "Phillips & Drew Knights"]
[Site "London"]
[Date "1980.04.17"]
[Round "7"]
[White "Goodman, David SC"]
[Black "Silva, Marco A"]
[Result "1-0"]
[WhiteElo "2375"]
[BlackElo "2290"]
[PlyCount "65"]
[EventDate "1980.04.11"]
[EventType "tourn"]
[EventRounds "15"]
[EventCountry "ENG"]
[EventCategory "5"]
[SourceTitle "Britbase"]

1. d4 Nf6 2. c4 e6 3. Nf3 d5 4. Nc3 Bb4 5. cxd5 Qxd5 6. Bd2 Bxc3 7. Bxc3 O-O 8.
e3 b6 9. Be2 Bb7 10. O-O Nbd7 11. Ne1 Ne4 12. Bb4 Rfd8 13. f3 Nef6 14. e4 Qg5
15. Qc1 Qxc1 16. Rxc1 Rac8 17. Kf2 c5 18. dxc5 Nxc5 19. Ke3 Nfd7 20. Nd3 Na6
21. Be7 Re8 22. Bd6 e5 23. Rxc8 Bxc8 24. Rc1 Bb7 25. Nb4 Nac5 26. Bc4 g6 27.
Nd5 Kg7 28. b4 Ne6 29. Bb5 Rc8 30. Rxc8 Bxc8 31. Ne7 a6 32. Bc6 Nd8 33. b5 1-0

[Event "Phillips & Drew Knights"]
[Site "London"]
[Date "1980.04.18"]
[Round "8"]
[White "Crouch, Colin S"]
[Black "Goodman, David SC"]
[Result "0-1"]
[WhiteElo "2330"]
[BlackElo "2375"]
[PlyCount "140"]
[EventDate "1980.04.11"]
[EventType "tourn"]
[EventRounds "15"]
[EventCountry "ENG"]
[EventCategory "5"]
[SourceTitle "Britbase"]

1. e4 g6 2. d4 d6 3. Nc3 Bg7 4. g3 Nc6 5. Be3 e5 6. dxe5 Nxe5 7. f4 Nc6 8. Bg2
Nge7 9. Nge2 O-O 10. Qd2 f5 11. O-O-O fxe4 12. Bxe4 Bf5 13. h4 Bxe4 14. Nxe4
Nf5 15. g4 Nxe3 16. Qxe3 Qe7 17. Qb3+ Kh8 18. N4g3 Qf7 19. h5 Qxb3 20. axb3 Kg8
21. hxg6 hxg6 22. f5 Ne5 23. fxg6 Nxg4 24. Rh7 Rae8 25. Rg1 Nf6 26. Rh4 Re5 27.
Nd4 Rfe8 28. Ngf5 Re1+ 29. Rxe1 Rxe1+ 30. Kd2 Re5 31. Rf4 a6 32. Nf3 Nh5 33.
Nxe5 Nxf4 34. Nd3 Nxg6 35. c3 Bf8 36. Nb4 c6 37. Kd3 Kf7 38. Nc2 Ke6 39. Nfd4+
Ke5 40. b4 Nf4+ 41. Ke3 Bh6 42. Nf3+ Kd5 43. b3 Ng6+ 44. Kd3 Nf4+ 45. Ke3 Nh3+
46. Kd3 Nf2+ 47. Ke2 Ke4 48. Kxf2 Kd3 49. Na3 b5 50. c4 Kc3 51. cxb5 axb5 52.
Ke2 Kxb3 53. Nb1 Bg7 54. Kd3 Kxb4 55. Nbd2 c5 56. Ne4 d5 57. Nd6 c4+ 58. Kd2
Kc5 59. Nf5 Bf6 60. Kc2 b4 61. Nd2 Bg5 62. Ng3 Bxd2 63. Kxd2 b3 64. Ne2 d4 65.
Nf4 c3+ 66. Kc1 Kc4 67. Ng2 b2+ 68. Kb1 Kb3 69. Ne1 d3 70. Nxd3 c2# 0-1

[Event "Phillips & Drew Knights"]
[Site "London"]
[Date "1980.04.18"]
[Round "8"]
[White "Friedgood, David"]
[Black "Britton, Richard"]
[Result "0-1"]
[WhiteElo "2335"]
[BlackElo "2330"]
[PlyCount "90"]
[EventDate "1980.04.11"]
[EventType "tourn"]
[EventRounds "15"]
[EventCountry "ENG"]
[EventCategory "5"]
[SourceTitle "Britbase"]

1. c4 c5 2. Nf3 Nf6 3. g3 b6 4. Bg2 Bb7 5. O-O g6 6. d4 cxd4 7. Qxd4 Bg7 8. Nc3
O-O 9. Qh4 Na6 10. Bh6 Rc8 11. Bxg7 Kxg7 12. Rfd1 h6 13. Nd5 Bxd5 14. cxd5 Rc5
15. d6 exd6 16. Rxd6 Re8 17. b4 Rc8 18. Qd4 Re4 19. Qd2 Nxb4 20. Ne1 Rec4 21.
Rd1 Qe7 22. Qb2 R8c5 23. Rxd7 Qe5 24. Qxe5 Rxe5 25. Rxa7 Rec5 26. e3 Rc1 27.
Rxc1 Rxc1 28. Kf1 Nd3 29. Ke2 Nxe1 30. Ba8 Ra1 31. Kd2 h5 32. h3 g5 33. Ra6 g4
34. hxg4 hxg4 35. Ke2 Nc2 36. Bb7 Nb4 37. Rxb6 Rxa2+ 38. Kf1 Nd3 39. Rb3 Nxf2
40. Bc6 N2e4 41. Rb4 Nxg3+ 42. Kg1 Nf5 43. e4 Nh6 44. e5 Nh7 45. Bd7 Re2 0-1

[Event "Phillips & Drew Knights"]
[Site "London"]
[Date "1980.04.18"]
[Round "8"]
[White "Blackstock, Leslie Steven F"]
[Black "King, Daniel J"]
[Result "1-0"]
[WhiteElo "2345"]
[BlackElo "2330"]
[PlyCount "71"]
[EventDate "1980.04.11"]
[EventType "tourn"]
[EventRounds "15"]
[EventCountry "ENG"]
[EventCategory "5"]
[SourceTitle "Britbase"]

1. d4 Nf6 2. c4 g6 3. Nc3 d5 4. Nf3 Bg7 5. cxd5 Nxd5 6. e4 Nxc3 7. bxc3 c5 8.
Be3 Nc6 9. Rc1 cxd4 10. cxd4 O-O 11. d5 Ne5 12. Nxe5 Bxe5 13. Bc4 b5 14. Bb3
Qd6 15. Qd2 b4 16. Bc5 Qf6 17. O-O Ba6 18. Rfd1 Qh4 19. g3 Qxe4 20. Qxb4 Qf3
21. Re1 Bg7 22. Rxe7 Rfe8 23. Rce1 Rxe7 24. Rxe7 Qd3 25. Qe1 Qb5 26. Rxa7 Rc8
27. Be3 Bb7 28. Qf1 Qb4 29. h4 Re8 30. Qd3 Qe1+ 31. Kh2 Qb4 32. Qc4 Qe7 33. d6
Qd7 34. Qxf7+ Qxf7 35. Bxf7+ Kxf7 36. Rxb7+ 1-0

[Event "Phillips & Drew Knights"]
[Site "London"]
[Date "1980.04.18"]
[Round "8"]
[White "Botterill, George S"]
[Black "Van der Sterren, Paul"]
[Result "0-1"]
[WhiteElo "2420"]
[BlackElo "2410"]
[PlyCount "128"]
[EventDate "1980.04.11"]
[EventType "tourn"]
[EventRounds "15"]
[EventCountry "ENG"]
[EventCategory "5"]
[SourceTitle "Britbase"]

1. d4 Nf6 2. c4 e6 3. Nc3 Bb4 4. e3 b6 5. Nge2 Ba6 6. Ng3 Bxc3+ 7. bxc3 d5 8.
Ba3 Bxc4 9. Bxc4 dxc4 10. e4 Qd7 11. O-O c5 12. dxc5 b5 13. Qb1 a6 14. Rd1 Qe7
15. e5 Nd5 16. Nf5 exf5 17. Rxd5 g6 18. Rd6 O-O 19. c6 Qc7 20. e6 fxe6 21. Qe1
Qe7 22. Rad1 Nxc6 23. Rd7 Qxa3 24. Qxe6+ Kh8 25. Qxc6 Qxc3 26. h3 Rae8 27. Qxa6
Re1+ 28. Rxe1 Qxe1+ 29. Kh2 Qe5+ 30. Kg1 Qe1+ 31. Kh2 Qe5+ 32. Kg1 c3 33. Qc6
Qe1+ 34. Kh2 Qe5+ 35. Kg1 b4 36. h4 Qe1+ 37. Kh2 Qxf2 38. Qc4 f4 39. Qxb4 Qxh4+
40. Kg1 Qe1+ 41. Kh2 Qh4+ 42. Kg1 Qf6 43. Rc7 f3 44. Qxc3 Qxc3 45. Rxc3 fxg2
46. a4 Rf1+ 47. Kxg2 Ra1 48. Rc8+ Kg7 49. Rc4 h5 50. Rb4 Kh6 51. Rc4 Ra2+ 52.
Kg3 Ra3+ 53. Kg2 g5 54. Rc6+ Kg7 55. Rc7+ Kg6 56. Rc6+ Kf5 57. Rc5+ Kf4 58.
Rc4+ Ke3 59. Rc5 Ra2+ 60. Kh3 Kf4 61. Rc4+ Kf3 62. Rc3+ Kf2 63. Rc5 Ra3+ 64.
Kh2 Rxa4 0-1

[Event "Phillips & Drew Knights"]
[Site "London"]
[Date "1980.04.18"]
[Round "8"]
[White "Flear, Glenn C"]
[Black "Kaiszauri, Konstanty"]
[Result "1/2-1/2"]
[WhiteElo "2320"]
[BlackElo "2365"]
[PlyCount "33"]
[EventDate "1980.04.11"]
[EventType "tourn"]
[EventRounds "15"]
[EventCountry "ENG"]
[EventCategory "5"]
[SourceTitle "Britbase"]

1. d4 Nf6 2. c4 e6 3. Nc3 Bb4 4. e3 b6 5. Nge2 Bb7 6. a3 Bxc3+ 7. Nxc3 d5 8.
Bd3 O-O 9. O-O Nbd7 10. Re1 c5 11. cxd5 cxd4 12. dxe6 dxc3 13. exd7 Qxd7 14.
Be2 Qf5 15. bxc3 Ne4 16. f3 Nxc3 17. Qd3 1/2-1/2

[Event "Phillips & Drew Knights"]
[Site "London"]
[Date "1980.04.18"]
[Round "8"]
[White "Plaskett, H James"]
[Black "Wicker, Kevin J"]
[Result "1-0"]
[WhiteElo "2405"]
[BlackElo "2340"]
[PlyCount "80"]
[EventDate "1980.04.11"]
[EventType "tourn"]
[EventRounds "15"]
[EventCountry "ENG"]
[EventCategory "5"]
[SourceTitle "Britbase"]

1. e4 e6 2. d4 d5 3. Nd2 a6 4. Ngf3 c5 5. c3 Nc6 6. Bd3 Nf6 7. e5 Nd7 8. O-O h6
9. Re1 Qb6 10. dxc5 Bxc5 11. Qe2 Qc7 12. b4 Bf8 13. b5 axb5 14. Bxb5 g5 15. Bb2
Rg8 16. c4 g4 17. Nd4 Ba3 18. Bc3 Nb6 19. cxd5 Nxd5 20. Qc4 Bd7 21. Ne4 Nxd4
22. Bxd7+ Qxd7 23. Bxd4 Rg6 24. Rab1 Ra4 25. Qb3 Qc6 26. Bb2 Nf4 27. Bxa3 Rxe4
28. Rxe4 Qxe4 29. Qb5+ Qc6 30. Qxc6+ bxc6 31. Rb8+ Kd7 32. Rb7+ Kc8 33. Rxf7
Nd5 34. Bd6 h5 35. a4 g3 36. hxg3 Rg4 37. a5 Ra4 38. Ra7 Nc3 39. Rc7+ Kd8 40.
Rxc6 Ne2+ 1-0

[Event "Phillips & Drew Knights"]
[Site "London"]
[Date "1980.04.18"]
[Round "8"]
[White "Povah, Nigel"]
[Black "Large, Peter G"]
[Result "1-0"]
[WhiteElo "2385"]
[BlackElo "2310"]
[PlyCount "81"]
[EventDate "1980.04.11"]
[EventType "tourn"]
[EventRounds "15"]
[EventCountry "ENG"]
[EventCategory "5"]
[SourceTitle "Britbase"]

1. c4 e6 2. g3 Nf6 3. Bg2 d5 4. d4 Be7 5. Nf3 O-O 6. O-O b6 7. cxd5 exd5 8. Nc3
Bb7 9. Bf4 Na6 10. Rc1 Ne4 11. Qa4 c5 12. Rfd1 Qe8 13. Qb3 Rd8 14. a3 Bf6 15.
Qc2 Qe6 16. Nb5 Qd7 17. Nc3 Qc8 18. Qb1 Rfe8 19. e3 h6 20. Be5 Nxc3 21. Rxc3
Be7 22. h4 c4 23. Kh2 Nc7 24. Bh3 Ne6 25. Qf5 b5 26. g4 a5 27. Qh5 Bf8 28. g5
g6 29. gxh6 gxh5 30. Rg1+ Kh7 31. Bf5+ Kxh6 32. Ng5 Qd7 33. Kh1 Bg7 34. Bh2 Rg8
35. Rcc1 Be5 36. Bxe5 Nxg5 37. Bxd7 Rxd7 38. hxg5+ Kg6 39. Kg2 Kxg5 40. Kf3+
Kf5 41. Rxg8 1-0

[Event "Phillips & Drew Knights"]
[Site "London"]
[Date "1980.04.19"]
[Round "9"]
[White "Wicker, Kevin J"]
[Black "Povah, Nigel"]
[Result "1-0"]
[WhiteElo "2340"]
[BlackElo "2385"]
[PlyCount "109"]
[EventDate "1980.04.11"]
[EventType "tourn"]
[EventRounds "15"]
[EventCountry "ENG"]
[EventCategory "5"]
[SourceTitle "Britbase"]

1. e4 c6 2. d4 d5 3. exd5 cxd5 4. Bd3 Nc6 5. c3 g6 6. f4 Bf5 7. Bxf5 gxf5 8.
Nf3 Nf6 9. Ne5 e6 10. Be3 Rg8 11. O-O Bd6 12. Nd2 Qb6 13. Qb3 Qxb3 14. axb3 Ne7
15. Ra4 Ne4 16. Rfa1 f6 17. Nd3 a6 18. b4 Rb8 19. Nb3 Kd7 20. Nbc5+ Bxc5 21.
dxc5 Nc6 22. Rd1 Ke7 23. Ra3 Na7 24. Nf2 Rbd8 25. Raa1 Rg7 26. Nxe4 fxe4 27. b3
e5 28. fxe5 fxe5 29. Bf2 Ke6 30. c4 d4 31. b5 Rb8 32. Bg3 Rc8 33. c6 bxc6 34.
Rxa6 Rb8 35. bxc6 Rc8 36. c7+ Kf5 37. Rxa7 e3 38. Ra5 Rxg3 39. hxg3 e2 40. Re1
d3 41. Kf2 d2 42. Rxe5+ Kxe5 43. Rxe2+ Kd4 44. Rxd2+ Kc3 45. Rd8 Rxc7 46. Rb8
h5 47. Rb5 Rf7+ 48. Ke3 Re7+ 49. Kf4 Re2 50. c5 Rf2+ 51. Kg5 Rxg2 52. c6 Rxg3+
53. Kxh5 Kd4 54. b4 Kc4 55. c7 1-0

[Event "Phillips & Drew Knights"]
[Site "London"]
[Date "1980.04.19"]
[Round "9"]
[White "Kaiszauri, Konstanty"]
[Black "Plaskett, H James"]
[Result "1/2-1/2"]
[WhiteElo "2365"]
[BlackElo "2405"]
[PlyCount "44"]
[EventDate "1980.04.11"]
[EventType "tourn"]
[EventRounds "15"]
[EventCountry "ENG"]
[EventCategory "5"]
[SourceTitle "Britbase"]

1. e4 c5 2. Nf3 Nc6 3. d3 g6 4. g3 Bg7 5. Bg2 d6 6. O-O Nf6 7. Nc3 Rb8 8. a4
O-O 9. Bf4 e5 10. Bg5 h6 11. Bxf6 Bxf6 12. h4 Bg7 13. Nd2 h5 14. Kh2 Bh6 15.
Nc4 Bg4 16. Bf3 Be6 17. Ne3 Qd7 18. Ncd5 Kg7 19. Bg2 Ne7 20. Nxe7 Qxe7 21. Qe2
a6 22. a5 Rbd8 1/2-1/2

[Event "Phillips & Drew Knights"]
[Site "London"]
[Date "1980.04.19"]
[Round "9"]
[White "Van der Sterren, Paul"]
[Black "Flear, Glenn C"]
[Result "1/2-1/2"]
[WhiteElo "2410"]
[BlackElo "2320"]
[PlyCount "90"]
[EventDate "1980.04.11"]
[EventType "tourn"]
[EventRounds "15"]
[EventCountry "ENG"]
[EventCategory "5"]
[SourceTitle "Britbase"]

1. d4 d5 2. c4 e6 3. Nc3 Nf6 4. Bg5 c6 5. e3 Nbd7 6. Nf3 Qa5 7. Nd2 dxc4 8.
Bxf6 Nxf6 9. Nxc4 Qc7 10. g3 c5 11. Bg2 cxd4 12. Qxd4 Bd7 13. O-O-O Rc8 14.
Nd6+ Bxd6 15. Qxd6 Bc6 16. Bxc6+ Qxc6 17. Qd4 O-O 18. Kb1 a6 19. e4 Rc7 20. f3
h6 21. Rc1 Rfc8 22. Rhd1 Qc5 23. Ne2 Qxd4 24. Rxd4 Rxc1+ 25. Nxc1 Kf8 26. Nd3
Ke7 27. b4 Rd8 28. Rxd8 Kxd8 29. Kc2 Nd7 30. e5 Kc7 31. Kc3 Kc6 32. Kc4 Nb6+
33. Kd4 Kb5 34. Nc5 Kxb4 35. Nxb7 Ka3 36. Kc5 Nd5 37. f4 g6 38. Kd6 Kxa2 39.
Kd7 g5 40. fxg5 hxg5 41. h4 gxh4 42. gxh4 Nf4 43. Ke8 Ng6 44. h5 Nxe5 45. h6
Ng4 1/2-1/2

[Event "Phillips & Drew Knights"]
[Site "London"]
[Date "1980.04.19"]
[Round "9"]
[White "King, Daniel J"]
[Black "Botterill, George S"]
[Result "0-1"]
[WhiteElo "2330"]
[BlackElo "2420"]
[PlyCount "70"]
[EventDate "1980.04.11"]
[EventType "tourn"]
[EventRounds "15"]
[EventCountry "ENG"]
[EventCategory "5"]
[SourceTitle "Britbase"]

1. e4 d6 2. d4 g6 3. Nc3 Bg7 4. Bc4 Nf6 5. Qe2 Nc6 6. e5 Nd7 7. Nf3 Nb6 8. Bb3
O-O 9. h3 dxe5 10. dxe5 Be6 11. O-O Nd4 12. Nxd4 Qxd4 13. Re1 Nc4 14. Rd1 Qc5
15. Ne4 Qc6 16. Ng5 Nb6 17. Bxe6 fxe6 18. f4 Bh6 19. h4 Bxg5 20. hxg5 Rad8 21.
Rf1 Na4 22. b3 Nc3 23. Qf3 Qxf3 24. Rxf3 Rd1+ 25. Kh2 Ne2 26. Bb2 Rxa1 27. Bxa1
Rxf4 28. Rxf4 Nxf4 29. Kg3 Nd5 30. Kf3 Nb4 31. c3 Nc2 32. Bb2 Ne1+ 33. Ke4 Nxg2
34. c4 Nh4 35. Kd4 Nf3+ 0-1

[Event "Phillips & Drew Knights"]
[Site "London"]
[Date "1980.04.19"]
[Round "9"]
[White "Britton, Richard"]
[Black "Blackstock, Leslie Steven F"]
[Result "1/2-1/2"]
[WhiteElo "2330"]
[BlackElo "2345"]
[PlyCount "64"]
[EventDate "1980.04.11"]
[EventType "tourn"]
[EventRounds "15"]
[EventCountry "ENG"]
[EventCategory "5"]
[SourceTitle "Britbase"]

1. e4 c5 2. Nf3 e6 3. d4 cxd4 4. Nxd4 Nf6 5. Nc3 d6 6. Be2 Be7 7. O-O Nc6 8.
Be3 Bd7 9. f4 Nxd4 10. Bxd4 Bc6 11. Qd3 O-O 12. Qg3 g6 13. Bf3 Qc7 14. Rae1
Rad8 15. Kh1 b5 16. Nd1 b4 17. Ne3 Qb7 18. Qh3 Rfe8 19. Qh6 Bf8 20. Qh4 e5 21.
fxe5 dxe5 22. Bxe5 Rxe5 23. Qxf6 Rde8 24. Ng4 R5e6 25. Qh4 Bg7 26. e5 h5 27.
Bxc6 Qxc6 28. Nf6+ Bxf6 29. exf6 Rxe1 30. Rxe1 Rxe1+ 31. Qxe1 Qxf6 32. c3 Qa6
1/2-1/2

[Event "Phillips & Drew Knights"]
[Site "London"]
[Date "1980.04.19"]
[Round "9"]
[White "Goodman, David SC"]
[Black "Friedgood, David"]
[Result "0-1"]
[WhiteElo "2375"]
[BlackElo "2335"]
[PlyCount "76"]
[EventDate "1980.04.11"]
[EventType "tourn"]
[EventRounds "15"]
[EventCountry "ENG"]
[EventCategory "5"]
[SourceTitle "Britbase"]

1. d4 Nf6 2. c4 c5 3. d5 g6 4. Nc3 Bg7 5. e4 O-O 6. Be2 d6 7. Nf3 e6 8. O-O Re8
9. Nd2 Na6 10. Kh1 Nc7 11. a4 b6 12. Qc2 Rb8 13. Re1 a6 14. Rb1 exd5 15. cxd5
b5 16. axb5 Nxb5 17. Nxb5 axb5 18. b3 Nxe4 19. Nxe4 Rxe4 20. Qxe4 Bf5 21. Qe3
Bd4 22. Qg3 Bxb1 23. Bf4 Be4 24. Bxd6 Bxf2 25. Qe5 Bxe1 26. Bxb8 Bxd5 27. Bxb5
f6 28. Qxd5+ Qxd5 29. Bc4 Qxc4 30. bxc4 Kf7 31. Kg1 Ke6 32. Ba7 Kd6 33. Kf1 Ba5
34. Ke2 Kc6 35. h3 Bb6 36. Bb8 Bc7 37. Bxc7 Kxc7 38. Kd3 Kd6 0-1

[Event "Phillips & Drew Knights"]
[Site "London"]
[Date "1980.04.19"]
[Round "9"]
[White "Silva, Marco A"]
[Black "Crouch, Colin S"]
[Result "0-1"]
[WhiteElo "2290"]
[BlackElo "2330"]
[PlyCount "114"]
[EventDate "1980.04.11"]
[EventType "tourn"]
[EventRounds "15"]
[EventCountry "ENG"]
[EventCategory "5"]
[SourceTitle "Britbase"]

1. e4 e5 2. Nf3 Nc6 3. d4 exd4 4. Nxd4 Nf6 5. Nxc6 bxc6 6. e5 Qe7 7. Qe2 Nd5 8.
c4 Qb4+ 9. Nd2 Nf4 10. Qe4 Ne6 11. Be2 Be7 12. O-O O-O 13. a3 Qb8 14. Bd3 Ng5
15. Qe2 f5 16. exf6 Bxf6 17. Ne4 Ne6 18. Nxf6+ Rxf6 19. Qe4 h6 20. b4 Bb7 21.
Bb2 Ng5 22. Qe3 Re6 23. Qd4 Qf8 24. f4 c5 25. Qxd7 Rd8 26. Qxc7 Re7 27. Qxc5
Nh3+ 28. gxh3 Rxd3 29. Rae1 Qe8 30. Rxe7 Qg6+ 31. Qg5 hxg5 32. Rxg7+ Qxg7 33.
Bxg7 Kxg7 34. fxg5 Rxa3 35. Rd1 Kg6 36. h4 Be4 37. Rd4 Kf5 38. g6 Ra2 39. Rxe4
Kxe4 40. h5 Kf3 41. h4 Rc2 42. c5 Rc4 43. c6 Rg4+ 44. Kf1 Rxh4 45. Ke1 Rxh5 46.
g7 Re5+ 47. Kd2 Re8 48. Kd3 Rd8+ 49. Kc4 Ke4 50. Kc5 Ke5 51. c7 Rc8 52. Kc6 Ke6
53. b5 Rg8 54. Kb7 Kd7 55. Kxa7 Kxc7 56. b6+ Kc6 57. b7 Kc7 0-1

[Event "Phillips & Drew Knights"]
[Site "London"]
[Date "1980.04.20"]
[Round "10"]
[White "Friedgood, David"]
[Black "Silva, Marco A"]
[Result "1-0"]
[WhiteElo "2335"]
[BlackElo "2290"]
[PlyCount "86"]
[EventDate "1980.04.11"]
[EventType "tourn"]
[EventRounds "15"]
[EventCountry "ENG"]
[EventCategory "5"]
[SourceTitle "Britbase"]

1. c4 c6 2. d4 d5 3. cxd5 cxd5 4. Nc3 Nf6 5. Nf3 Bf5 6. Bf4 Qb6 7. Qb3 Qxb3 8.
axb3 Nc6 9. e3 e6 10. Bb5 Be7 11. Ne5 O-O 12. Nxc6 bxc6 13. Bxc6 Rac8 14. Bb7
Rcd8 15. f3 Bd6 16. Bxd6 Rxd6 17. Na4 Rb8 18. Nc5 Rb6 19. Rxa7 Nd7 20. Nxd7
R6xb7 21. Rxb7 Rxb7 22. Nc5 Ra7 23. Kd2 Kf8 24. b4 Ke7 25. Kc3 Kd6 26. g4 Bg6
27. b5 Kc7 28. Na6+ Kb6 29. Kb4 Bd3 30. Nc5 Bxb5 31. f4 Ra2 32. Kc3 Ra8 33. h4
Re8 34. g5 f6 35. gxf6 gxf6 36. Rg1 Re7 37. h5 Be8 38. h6 Bg6 39. Ra1 Bf5 40.
Kb4 Re8 41. Ra6+ Kc7 42. Ka5 Bg4 43. b4 e5 1-0

[Event "Phillips & Drew Knights"]
[Site "London"]
[Date "1980.04.20"]
[Round "10"]
[White "Blackstock, Leslie Steven F"]
[Black "Goodman, David SC"]
[Result "0-1"]
[WhiteElo "2345"]
[BlackElo "2375"]
[PlyCount "78"]
[EventDate "1980.04.11"]
[EventType "tourn"]
[EventRounds "15"]
[EventCountry "ENG"]
[EventCategory "5"]
[SourceTitle "Britbase"]

1. d4 g6 2. e4 Bg7 3. c4 Nc6 4. d5 Nd4 5. Ne2 c5 6. Nbc3 e5 7. Nxd4 exd4 8. Nb5
d6 9. Qa4 Kf8 10. Bf4 Be5 11. Bxe5 dxe5 12. Qa3 b6 13. b4 cxb4 14. Qxb4+ Kg7
15. Bd3 Nf6 16. f4 Nh5 17. g3 exf4 18. Qd2 fxg3 19. hxg3 Qf6 20. O-O-O Qe5 21.
Rh4 Bd7 22. Na3 Qxg3 23. Rdh1 Qe3 24. Nc2 Qxd2+ 25. Kxd2 Rae8 26. Nxd4 Nf6 27.
Re1 Ng4 28. Nf3 Ne5 29. Nxe5 Rxe5 30. Kc3 g5 31. Rh2 h5 32. Kd4 f6 33. Rg1 h4
34. c5 bxc5+ 35. Kxc5 g4 36. Kd6 Bc8 37. Rgh1 g3 38. Rxh4 Rxh4 39. Rxh4 g2 0-1

[Event "Phillips & Drew Knights"]
[Site "London"]
[Date "1980.04.20"]
[Round "10"]
[White "Botterill, George S"]
[Black "Britton, Richard"]
[Result "1-0"]
[WhiteElo "2420"]
[BlackElo "2330"]
[PlyCount "51"]
[EventDate "1980.04.11"]
[EventType "tourn"]
[EventRounds "15"]
[EventCountry "ENG"]
[EventCategory "5"]
[SourceTitle "Britbase"]

1. d4 Nf6 2. c4 e6 3. Nc3 Bb4 4. Qc2 c5 5. dxc5 Na6 6. a3 Bxc3+ 7. Qxc3 Nxc5 8.
b4 Nce4 9. Qd4 d5 10. c5 b6 11. f3 bxc5 12. bxc5 Qa5+ 13. Qb4 Qxb4+ 14. axb4
Nc3 15. Bb2 Nb5 16. e3 Rb8 17. Be5 Rb7 18. c6 Rb6 19. Bxb5 Rxb5 20. Rxa7 Rxb4
21. Bd6 Rb1+ 22. Kd2 Ng8 23. Nh3 Rxh1 24. Ng5 g6 25. Rxf7 Nh6 26. Re7+ 1-0

[Event "Phillips & Drew Knights"]
[Site "London"]
[Date "1980.04.20"]
[Round "10"]
[White "Flear, Glenn C"]
[Black "King, Daniel J"]
[Result "1-0"]
[WhiteElo "2320"]
[BlackElo "2330"]
[PlyCount "67"]
[EventDate "1980.04.11"]
[EventType "tourn"]
[EventRounds "15"]
[EventCountry "ENG"]
[EventCategory "5"]
[SourceTitle "Britbase"]

1. d4 Nf6 2. c4 g6 3. Nc3 d5 4. cxd5 Nxd5 5. e4 Nxc3 6. bxc3 Bg7 7. Nf3 c5 8.
Be3 Qa5 9. Qd2 O-O 10. Rc1 Bg4 11. Be2 cxd4 12. cxd4 Qxd2+ 13. Nxd2 Bxe2 14.
Kxe2 Na6 15. d5 Rfc8 16. Rxc8+ Rxc8 17. Bxa7 b5 18. Rb1 b4 19. Kd1 f5 20. f3
Bc3 21. Rb3 Ra8 22. Bb6 Nb8 23. Nb1 Nd7 24. Nxc3 bxc3 25. Bd4 Rxa2 26. Rxc3
fxe4 27. fxe4 Ra4 28. Rd3 Ra2 29. e5 Rxg2 30. e6 Nf8 31. Bc5 Rxh2 32. Bxe7 Rh5
33. Bxf8 Kxf8 34. d6 1-0

[Event "Phillips & Drew Knights"]
[Site "London"]
[Date "1980.04.20"]
[Round "10"]
[White "Plaskett, H James"]
[Black "Van der Sterren, Paul"]
[Result "1/2-1/2"]
[WhiteElo "2405"]
[BlackElo "2410"]
[PlyCount "122"]
[EventDate "1980.04.11"]
[EventType "tourn"]
[EventRounds "15"]
[EventCountry "ENG"]
[EventCategory "5"]
[SourceTitle "Britbase"]

1. d4 Nf6 2. c4 e6 3. Nc3 Bb4 4. g3 c5 5. Nf3 cxd4 6. Nxd4 O-O 7. Bg2 d5 8.
cxd5 Nxd5 9. Bd2 Nxc3 10. bxc3 Bc5 11. O-O e5 12. Nc2 Nc6 13. Be3 Qe7 14. Qd5
Bxe3 15. Nxe3 Be6 16. Qb5 f6 17. Rfd1 Rac8 18. Rab1 Nd8 19. Bd5 Rf7 20. Qb3 g6
21. Nc4 Rf8 22. Rd2 Rc7 23. Ne3 Kg7 24. Rbd1 Qf7 25. h4 h5 26. Qa3 b6 27. Qa4
Qe8 28. Qb3 Rff7 29. Nc4 Rfd7 30. Ne3 Qf7 31. Bxe6 Nxe6 32. Nd5 Rc8 33. Qb5
Rdd8 34. Ne3 Rxd2 35. Rxd2 Rd8 36. Rxd8 Nxd8 37. c4 Ne6 38. Kf1 Nd4 39. Qb2 Qd7
40. Kg1 Qa4 41. Kg2 Qc6+ 42. f3 f5 43. Qa3 Qd7 44. Kf2 Ne6 45. Nd5 Nc5 46. Qb2
Qd6 47. Qb5 Kf7 48. Kg2 Qd7 49. Qb2 Qe6 50. Qa3 Qd7 51. Qe3 Qd6 52. Qh6 Qf8 53.
Qg5 Qd6 54. g4 fxg4 55. fxg4 hxg4 56. Qxg4 Qe6 57. Qf3+ Kg7 58. h5 gxh5 59.
Qxh5 b5 60. Qg5+ Kf7 61. Qh5+ Kg7 1/2-1/2

[Event "Phillips & Drew Knights"]
[Site "London"]
[Date "1980.04.20"]
[Round "10"]
[White "Povah, Nigel"]
[Black "Kaiszauri, Konstanty"]
[Result "1-0"]
[WhiteElo "2385"]
[BlackElo "2365"]
[PlyCount "80"]
[EventDate "1980.04.11"]
[EventType "tourn"]
[EventRounds "15"]
[EventCountry "ENG"]
[EventCategory "5"]
[SourceTitle "Britbase"]

1. c4 e5 2. Nc3 Nf6 3. Nf3 Nc6 4. e3 Bb4 5. Qc2 Bxc3 6. Qxc3 Qe7 7. a3 O-O 8.
d3 a5 9. b3 d5 10. cxd5 Nxd5 11. Qc2 Be6 12. Bb2 f6 13. Be2 Rad8 14. O-O Qf7
15. d4 exd4 16. Nxd4 Nxd4 17. Bxd4 b6 18. Bd3 Kh8 19. Rab1 Rd6 20. Ba1 Rfd8 21.
Be4 c5 22. Rfd1 R8d7 23. h3 Qg8 24. Qe2 Qd8 25. Re1 Bf7 26. Qg4 Qe8 27. Bf5 Be6
28. e4 Bxf5 29. exd5 Qf7 30. Qxf5 Rxd5 31. Qe6 Qxe6 32. Rxe6 Rd1+ 33. Kh2 Kg8
34. Rxd1 Rxd1 35. Bc3 Rb1 36. Rxb6 a4 37. b4 Rb3 38. Bd2 c4 39. Rc6 Rxa3 40.
Rxc4 Ra2 1-0